HOST PREFERENCE OF DIFFERENT INSECT PESTS ON DIFFERENT VARIETIES OF MUNGBEAN / (Record no. 13812)

MARC details
000 -LEADER
fixed length control field 01130nam a22002897a 4500
001 - CONTROL NUMBER
control field BD-DhSAU 8665
003 - CONTROL NUMBER IDENTIFIER
control field BD-DhSAU
005 - DATE AND TIME OF LATEST TRANSACTION
control field 20181217150953.0
008 - FIXED-LENGTH DATA ELEMENTS--GENERAL INFORMATION
fixed length control field 150613b2015 bg a|||| m||| 00| 0 eng d
040 ## - CATALOGING SOURCE
Original cataloging agency BD-DhSAU
082 ## - DEWEY DECIMAL CLASSIFICATION NUMBER
Edition number 22
Classification number 595.7
Item number R8121
100 ## - MAIN ENTRY--PERSONAL NAME
Personal name Roy, Bishwajit
Relator code Reg. No. # 09-03488
245 ## - TITLE STATEMENT
Title HOST PREFERENCE OF DIFFERENT INSECT PESTS ON DIFFERENT VARIETIES OF MUNGBEAN /
Statement of responsibility, etc. Bishwajit Roy
Remainder of title Ms Thesis
260 ## - PUBLICATION, DISTRIBUTION, ETC. (IMPRINT)
Place of publication, distribution, etc. Sher-e-Bangla Agricultural University :
Name of publisher, distributor, etc. Department of Entomology,
Date of publication, distribution, etc. 2015.
300 ## - PHYSICAL DESCRIPTION
Extent vii, 54 p. :
Other physical details ill. ;
Dimensions 30 cm.
500 ## - GENERAL NOTE
General note MS thesis of Department of Entomology, Faculty of Agriculture, Sher-e-Bangla Agricultural University, Dhaka, Bangladesh
504 ## - BIBLIOGRAPHY, ETC. NOTE
Bibliography, etc Includes bibliographical references.
590 ## - Name of Cataloguer
Name of Cataloger kamim
650 ## - SUBJECT ADDED ENTRY--TOPICAL TERM
Topical term or geographic name as entry element Entomology
650 ## - SUBJECT ADDED ENTRY--TOPICAL TERM
Topical term or geographic name as entry element different insect pests
650 ## - SUBJECT ADDED ENTRY--TOPICAL TERM
Topical term or geographic name as entry element different varieties of Mungbean
650 ## - SUBJECT ADDED ENTRY--TOPICAL TERM
Topical term or geographic name as entry element Mungbean
700 ## - ADDED ENTRY--PERSONAL NAME
Personal name Bhuiyan, Md. Serajul Islam
Relator term Superviser
700 ## - ADDED ENTRY--PERSONAL NAME
Personal name Akter, Tahmina
Relator term Co-superviser
856 ## - ELECTRONIC LOCATION AND ACCESS
Uniform Resource Identifier <a href="http://archive.saulibrary.edu.bd:8080/xmlui/handle/123456789/1510">http://archive.saulibrary.edu.bd:8080/xmlui/handle/123456789/1510</a>
942 ## - ADDED ENTRY ELEMENTS (KOHA)
Source of classification or shelving scheme Dewey Decimal Classification
Koha item type MS Level Thesis
Holdings
Withdrawn status Lost status Source of classification or shelving scheme Damaged status Not for loan Collection code Home library Branch Name Shelving location Date acquired Total Checkouts Full call number Barcode Date last seen Price effective from Koha item type
    Dewey Decimal Classification   Not For Loan Reference SAU Library SAU Library Reference 16/01/2017   595.7 R8121 39960 23/01/2017 23/01/2017 MS Level Thesis